Understanding the bottom line : finance for nonfinancial managers and business owners
| Format: | Book |
|---|---|
| Published: |
Hawthorne, NJ :
Career Press ,
1993
|
| Edition: | 2nd ed |
| Subjects: |
MARC
| LEADER | 00000cam a2200000 7i4500 | ||
|---|---|---|---|
| 001 | 0000009982 | ||
| 002 | 000010878 | ||
| 005 | 20081105.0 | ||
| 020 | |a 156414108X | ||
| 090 | 0 | 0 | |a 658.15 |b UND |
| 245 | 0 | 0 | |a Understanding the bottom line : |b finance for nonfinancial managers and business owners |
| 250 | |a 2nd ed | ||
| 260 | |a Hawthorne, NJ : |b Career Press , |c 1993 | ||
| 300 | |a 123 p. ; |c 20 cm. | ||
| 650 | 0 | 0 | |a Financial statements |x Handbooks, manuals, etc |
| 999 | |a 048273 |b BUKU |c PINJAMAN |e PERPUSTAKAAN KOMUNITI PETALING JAYA | ||